000 00529nam a2200181Ia 4500
008 151018s9999 xx 000 0 und d
082 _bRBASDV39728
_a891.468
100 _aअभय परांजपे
245 _aअभयारण्य
250 _b1
260 _bमी प्रकाशन
_c2004
300 _a104
600 _aअभय परांजपे
630 _aअभयारण्य
700 _aअभय परांजपे
730 _aअभयारण्य
942 _cBOOK
999 _c1039014
_d1039011